000 00549nam a2200193Ia 4500
005 20250508161330.0
008 008 250505s9999 xx 000 0 eng d
037 _aTextual
040 _aFEDL
_beng
_cFEDL
041 _aeng
_2eng
084 _a910.7, NCE
_qFEDL
100 _aMehta T S Ed.
_9770609
245 0 _aTeaching of geography and national integration
245 0 _cNational Council of Educational Research afn Training
260 _c1971
300 _a157p.
942 _cTEXL
_h910.7, NCE
999 _c1369572
_d1369572